Surnom d'équipes de rugby (H & F) - Statistiques

Statistiques générales
  • Ce quiz a été pris 73 fois
  • Le résultat moyen est 16 sur 64
Statistiques - réponses
Hint Réponse % Correct
All Blacks Nouvelle-Zélande - H
94%
Bleus France - H
81%
Flying Fijians Fidji - H
73%
Fougères noires Nouvelle-Zélande - F
73%
Springboks Afrique-du-Sud - H
67%
Manu Samoa Samoa - H
67%
Wallabies Australie - H
65%
Squadra Azzurra Italie - H
63%
Pumas Argentine - H
60%
XV de la Rose Angleterre - H
54%
Bleues France - F
54%
XV du Trèfle Irlande - H
52%
XV du Poireau Pays de Galles - H
50%
Springbok women Afrique-du-Sud - F
46%
XV du Chardon Ecosse - H
46%
Eagles Etats-Unis - H
46%
Fidjianas Fidji - F
44%
Roses rouges Angleterre - F
42%
Azzure Italie - F
42%
Canucks Canada - H
31%
Eléphants Côte d'ivoire - H
31%
Women Eagles Etats-Unis - F
31%
Tahiti Nui Tahiti - H
31%
Fleurs de cerisier Japon - H
29%
Lions indomptables Cameroun - H
27%
Lions de l'Atlas Maroc - H
27%
Wallaroos Australie - F
25%
Oranges Pays-Bas - H
23%
Aigles de Carthage Tunisie - H
23%
Ours Russie - H
17%
XV de l'Edelweiss Suisse - H
17%
Diables noirs Belgique - H
15%
Lelos Géorgie - H
13%
Fleurs courageuses Japon - F
13%
Makis Madagascar - H
10%
Welwitschias Namibie - H
10%
Maillots verts Pakistan - H
10%
Chênes Roumanie - H
10%
Aigles de la mer Tonga - H
10%
Condors Chili - H
8%
Nomades Kazakhstan - H
8%
Simbas Kenya - H
8%
Yaguaretés Argentine - F
6%
Les Lionnes Espagne - F
6%
Grues Ouganda - H
6%
Loups Portugal - H
6%
Talavalu Samoa américaines - H
6%
L'Equipe féminine Allemagne - F
4%
L'Equipe Allemagne - H
4%
Toucans Colombie - H
4%
Dragons Hong-Kong - H
4%
Manusinas Samoa - F
4%
Dos argentés Rwanda - H
2%
Etoiles de la Lune Turquie - H
2%
Vanneau téro Uruguay - H
2%
XV aux deux lions Algérie - H
0%
Yaras Brésil - F
0%
Tupis Brésil - H
0%
XV du Lion Espagne - H
0%
La Nationale Grèce - H
0%
Lions Luxembourg - H
0%
Serpents Mexique - H
0%
Crocodiles Papouasie-Nouvelle-Guinée - H
0%
Tumis Pérou - H
0%
Aucun quiz correspondant
Distribution des résultats
% des personnes avec chaque résultat
Percentile par nombre de réponses
Votre historique - résultats
Vous n’avez pas pris ce quiz